000 01060nac a22003251u 4500
003 EG-ScBUE
005 20220706114354.0
008 130108r20101998enka f 000 0 eng d
020 _a0194228517
020 _a9780194228510
040 _aEG-ScBUE
_beng
_erda
_cEG-ScBUE
_dEG-ScBUE
082 0 4 _a428.6
_bMCI
_222
100 1 _aMcIntosh, Mary,
_d1948-
_eauthor.
_931826
245 1 0 _aDisaster! /
_cMary McIntosh.
250 _aReprinted edition.
264 1 _aOxford ;
_aNew York :
_bOxford University Press,
_c2010.
300 _a46 pages :
_bcolor illustrations ;
_c21 cm.
336 _2rdacontent
_atext
_btxt
337 _2rdamedia
_aunmediated
_bn
338 _2rdacarrier
_avolume
_bnc
490 0 _aFact files
490 0 _aOxford book worms ;
_v4
650 7 _aDisasters.
_931828
_2BUEsh
650 7 _aEnglish language
_vTextbooks for foreign speakers.
_2BUEsh
650 7 _aReading comprehension
_vProblems, exercises, etc.
_2BUEsh
651 _2BUEsh
653 _bHHUUEENN
655 _vReading book
_934232
942 _cBB
_k428.6 MCI
_2ddc
999 _c2326
_d2326